[Event "Kvika Reykjavik Open 2022"]
[Site "Reykjavik, Iceland"]
[Date "2022.04.08"]
[Round "4.15"]
[White "Libiszewski, Fabien"]
[Black "Cherniack, Alex"]
[Result "1-0"]
[WhiteElo "2510"]
[BlackElo "2213"]
[PlyCount "47"]
[EventDate "2022.??.??"]

1. e4 {[%eval 33,0]} e5 {[%eval 12,0]} 2. Nf3 {[%eval 19,0]} Nc6 {[%eval 32,0]}
3. Bb5 {[%eval 24,0]} a6 {[%eval 37,0]} 4. Ba4 {[%eval 35,0]} Nf6 {[%eval 37,0]
} 5. d3 {[%eval 13,0]} Bd6 {[%eval 35,0]} 6. c3 {[%eval 29,0]} O-O {[%eval 26,
0]} 7. Nbd2 {[%eval 28,0]} b5 {[%eval 42,0]} 8. Bc2 {[%eval 39,0]} Re8 {
[%eval 46,0]} 9. Nf1 {[%eval 12,0]} h6 $6 {[%eval 65,0] Inaccuracy. Bf8 was
best.} (9... Bf8 10. Bg5 d5 11. Ne3 dxe4 12. dxe4 Qxd1+ 13. Rxd1 Nd7 14. Nd5
Bd6 15. Nh4 g6 16. Nf3) 10. a4 {[%eval 2,0]} Rb8 {[%eval 21,0]} 11. axb5 {
[%eval 3,0]} axb5 {[%eval 21,0]} 12. Ne3 {[%eval 2,0]} Bc5 {[%eval 0,0]} 13.
Bb3 {[%eval 7,0]} d6 {[%eval 2,0]} 14. O-O {[%eval 25,0]} Be6 $6 {[%eval 39,0]
Inaccuracy. Ne7 was best.} (14... Ne7) 15. Nd5 $2 {[%eval 8,0] Mistake. Bxe6
was best.} (15. Bxe6 fxe6 16. h3 Bb6 17. Ng4 Rf8 18. Nxf6+ Qxf6 19. Be3 b4 20.
Qa4 Ne7 21. Bxb6 Rxb6) 15... Bxd5 {[%eval -82,0]} 16. exd5 {[%eval 91,0]} Ne7 {
[%eval -84,0]} 17. Nh4 {[%eval -84,0]} Qd7 {[%eval -96,0]} 18. c4 $6 {[%eval
-36,0] Inaccuracy. Be3 was best.} (18. Be3 Nexd5 19. Qf3 c6 20. h3 Bb6 21. Nf5
Nf4 22. g4 N6d5 23. h4 Ra8 24. Rxa8 Rxa8) 18... g5 $2 {[%eval 54,0] Mistake.
Qg4 was best.} (18... Qg4 19. Qxg4 Nxg4 20. Bd1 Nf6 21. Nf3 Nf5 22. Nd2 bxc4
23. dxc4 Nd4 24. Rb1 Rb4 25. Ra1) 19. Nf3 {[%eval 69,0]} Nf5 {[%eval 8,0]} 20.
cxb5 {[%eval 83,0]} Bb6 {[%eval 41,0]} 21. Bc4 {[%eval 5,0]} Kg7 {[%eval 52,0]}
22. Nd2 {[%eval 42,0]} Kg6 {[%eval 7,0]} 23. Ne4 {[%eval 8,0]} Nh5 $4 {[%eval
684,0] Blunder. Nd4 was best.} (23... Nd4 24. Be3) 24. Qxh5+ {[%eval 747,0]}
1-0

[Event "Kvika Reykjavik Open 2022"]
[Site "Reykjavik, Iceland"]
[Date "2022.04.08"]
[Round "4.16"]
[White "Beerdsen, Thomas"]
[Black "Player, Edmund C"]
[Result "1-0"]
[WhiteElo "2496"]
[BlackElo "2196"]
[PlyCount "51"]
[EventDate "2022.??.??"]

1. e4 {[%eval 33,0]} e6 {[%eval 13,0]} 2. d4 {[%eval 24,0]} d5 {[%eval 25,0]}
3. Nc3 {[%eval 0,0]} Nf6 {[%eval 0,0]} 4. Bg5 {[%eval 24,0]} h6 {[%eval 6,0]}
5. Bxf6 {[%eval 53,0]} Qxf6 {[%eval 51,0]} 6. a3 {[%eval 17,0]} c6 {[%eval 44,
0]} 7. Nf3 {[%eval 31,0]} Nd7 {[%eval 52,0]} 8. Bd3 {[%eval 5,0]} Qd8 {[%eval
47,0]} 9. O-O {[%eval 44,0]} Be7 {[%eval 3,0]} 10. Re1 {[%eval 54,0]} O-O {
[%eval 46,0]} 11. Qe2 {[%eval 18,0]} Bd6 $6 {[%eval 112,0] Inaccuracy. Re8 was
best.} (11... Re8 12. Rab1 a5 13. h3 b5 14. b4 Ra7 15. Nd1 Qc7 16. c3 dxe4 17.
Bxe4 axb4 18. axb4) 12. Qe3 {[%eval 88,0]} a5 {[%eval 132,0]} 13. e5 {[%eval
128,0]} Bc7 $6 {[%eval 191,0] Inaccuracy. Be7 was best.} (13... Be7 14. Ne2 c5
15. c3 cxd4 16. cxd4 Nb6 17. Bb1 Bd7 18. g3 Nc4 19. Qd3 g6 20. h4) 14. Ne2 {
[%eval 216,0]} f5 {[%eval 258,0]} 15. Nf4 {[%eval 253,0]} Re8 $6 {[%eval 369,0]
Inaccuracy. Qe8 was best.} (15... Qe8 16. h4 Bd8 17. h5 Rf7 18. g3 Nf8 19. c4
Bd7 20. b4 Bg5 21. Nxg5 hxg5 22. Nh3) 16. Kh1 {[%eval 302,0]} b6 $2 {[%eval
574,0] Mistake. g5 was best.} (16... g5 17. Nh5) 17. Rg1 {[%eval 625,0]} Ba6 {
[%eval 861,0]} 18. g4 {[%eval 698,0]} Bxd3 {[%eval 668,0]} 19. Qxd3 {[%eval
733,0]} fxg4 {[%eval 929,0]} 20. Rxg4 {[%eval 837,0]} Nf8 {[%eval 1064,0]} 21.
Rag1 {[%eval 1058,0]} Re7 {[%eval 1135,0]} 22. Nh5 {[%eval 1008,0]} Bb8 $6 {
[%eval 32754,0] Checkmate is now unavoidable. Kh8 was best.} (22... Kh8 23.
Nxg7) 23. Nf6+ $6 {[%eval 1348,0] Lost forced checkmate sequence. Rxg7+ was
best.} (23. Rxg7+ Rxg7 24. Rxg7+ Kh8 25. Qd2 Qg5 26. Nxg5 hxg5 27. Qxg5 a4 28.
Rg8+ Kh7 29. Nf6#) 23... Kh8 {[%eval 1485,0]} 24. Nh4 {[%eval 1423,0]} Raa7 $6
{[%eval 32764,0] Checkmate is now unavoidable. Qe8 was best.} (24... Qe8 25.
Nxe8) 25. Qh7+ {[%eval 32766,0]} Nxh7 {[%eval 32766,0]} 26. Ng6# 1-0

[Event "Kvika Reykjavik Open 2022"]
[Site "Reykjavik, Iceland"]
[Date "2022.04.08"]
[Round "4.17"]
[White "Lohia, Sohum"]
[Black "Willow, Jonah B"]
[Result "1/2-1/2"]
[WhiteElo "2196"]
[BlackElo "2411"]
[PlyCount "104"]
[EventDate "2022.??.??"]

1. e4 c5 2. Nf3 e6 3. d4 cxd4 4. Nxd4 a6 5. c4 Nf6 6. Nc3 Bb4 7. Qd3 d6 8. f3
Nbd7 9. a3 Ne5 10. Qc2 Bc5 11. Be3 O-O 12. Be2 Qc7 13. O-O Nxc4 14. Bxc4 Bxd4
15. Bxd4 Qxc4 16. Bxf6 Qc5+ 17. Qf2 Qxf2+ 18. Rxf2 gxf6 19. Rd1 Rd8 20. Rfd2
Kf8 21. Rxd6 Rxd6 22. Rxd6 Ke7 23. Rd2 Bd7 24. Kf2 Rg8 25. Ke3 Rg5 26. h4 Rh5
27. g3 f5 28. exf5 Rxf5 29. f4 h5 30. b4 Rf6 31. Ne4 Rg6 32. Kf2 Bc6 33. Nc5
Rg8 34. Nb3 Rc8 35. Rc2 Rd8 36. Rd2 Bd5 37. Nd4 Be4 38. Ke3 f5 39. Nb3 Rg8 (
39... Re8) 40. Kf2 Rc8 41. Nc5 Bd5 42. Ke3 b6 43. Na4 Rc6 44. Rd3 Be4 45. Rc3
Rd6 46. Nb2 b5 47. Nd3 Bxd3 48. Rxd3 Rxd3+ 49. Kxd3 Kd7 50. Ke3 Kc6 51. Kd4 Kd6
52. Ke3 Kc6 {Ke4} 1/2-1/2

[Event "Kvika Reykjavik Open 2022"]
[Site "Reykjavik, Iceland"]
[Date "2022.04.08"]
[Round "4.18"]
[White "Sukandar, Irine Kharisma"]
[Black "Rice, Chris B"]
[Result "1-0"]
[WhiteElo "2386"]
[BlackElo "1989"]
[PlyCount "93"]
[EventDate "2022.??.??"]

1. e4 {[%eval 33,0]} c6 {[%eval 56,0]} 2. d4 {[%eval 35,0]} d5 {[%eval 49,0]}
3. exd5 {[%eval 31,0]} cxd5 {[%eval 31,0]} 4. Bd3 {[%eval 32,0]} Nc6 {[%eval
29,0]} 5. c3 {[%eval 29,0]} Nf6 {[%eval 21,0]} 6. Bf4 {[%eval 33,0]} Bg4 {
[%eval 37,0]} 7. Qb3 {[%eval 22,0]} Qd7 {[%eval 17,0]} 8. Nd2 {[%eval 4,0]} e6
{[%eval 29,0]} 9. Ngf3 {[%eval 36,0]} Bd6 {[%eval 49,0]} 10. Bxd6 {[%eval 31,0]
} Qxd6 {[%eval 33,0]} 11. O-O {[%eval 5,0]} O-O {[%eval 33,0]} 12. Rae1 {
[%eval 9,0]} Qc7 {[%eval 38,0]} 13. Ne5 {[%eval 5,0]} Nxe5 {[%eval 59,0]} 14.
dxe5 {[%eval 62,0]} Nd7 {[%eval 59,0]} 15. Qb4 {[%eval 65,0]} Bh5 {[%eval 43,0]
} 16. Qh4 {[%eval 53,0]} Bg6 {[%eval 62,0]} 17. Bxg6 {[%eval 7,0]} fxg6 {
[%eval 6,0]} 18. Nf3 {[%eval 53,0]} Rae8 {[%eval 34,0]} 19. Nd4 {[%eval 45,0]}
a6 {[%eval 68,0]} 20. Re3 {[%eval 29,0]} Nb8 {[%eval 3,0]} 21. Rfe1 {[%eval 11,
0]} Qe7 {[%eval 31,0]} 22. Qg4 {[%eval 19,0]} Nc6 {[%eval 12,0]} 23. Nf3 {
[%eval 19,0]} b5 {[%eval 0,0]} 24. a4 {[%eval 11,0]} Rb8 {[%eval 15,0]} 25. Ra1
{[%eval 26,0]} Rb6 $6 {[%eval 43,0] Inaccuracy. a5 was best.} (25... a5) 26.
axb5 {[%eval 65,0]} axb5 {[%eval 3,0]} 27. b4 {[%eval 27,0]} Re8 {[%eval 68,0]}
28. Re2 {[%eval 79,0]} Qf7 {[%eval 74,0]} 29. Qg5 {[%eval 59,0]} Qf5 $6 {
[%eval 127,0] Inaccuracy. d4 was best.} (29... d4 30. Qh4) 30. Qe3 {[%eval 101,
0]} Reb8 {[%eval 137,0]} 31. h3 {[%eval 119,0]} h6 {[%eval 107,0]} 32. Rea2 {
[%eval 133,0]} Qe4 {[%eval 162,0]} 33. Ra8 {[%eval 189,0]} Qxe3 {[%eval 179,0]}
34. fxe3 {[%eval 200,0]} Rxa8 {[%eval 185,0]} 35. Rxa8+ {[%eval 197,0]} Kf7 {
[%eval 179,0]} 36. Kf2 {[%eval 173,0]} g5 {[%eval 213,0]} 37. g4 {[%eval 181,0]
} Ke7 {[%eval 205,0]} 38. Kg2 $6 {[%eval 108,0] Inaccuracy. Ke2 was best.} (38.
Ke2 Rb8) 38... Kf7 {[%eval 159,0]} 39. Kg3 {[%eval 122,0]} Ke7 {[%eval 156,0]}
40. h4 $2 {[%eval 34,0] Mistake. Kf2 was best.} (40. Kf2 Rb8 41. Rxb8 Nxb8 42.
Nd4 Nd7 43. Nc6+ Ke8 44. e4 dxe4 45. Ke3 Nb6 46. Kxe4 Nd5) 40... gxh4+ {
[%eval 25,0]} 41. Kxh4 {[%eval 26,0]} Kf7 {[%eval 37,0]} 42. Kh5 {[%eval 39,0]}
Rb7 $4 {[%eval 200,0] Blunder. Rb8 was best.} (42... Rb8 43. Ra6) 43. g5 {
[%eval 175,0]} g6+ $4 {[%eval 577,0] Blunder. Rb8 was best.} (43... Rb8) 44.
Kxh6 {[%eval 602,0]} Ne7 {[%eval 703,0]} 45. Nd4 {[%eval 701,0]} Rb6 {[%eval
802,0]} 46. Ra7 {[%eval 801,0]} Rb8 {[%eval 6363,0]} 47. Rxe7+ {[%eval 1484,0]}
1-0

[Event "Kvika Reykjavik Open 2022"]
[Site "Reykjavik, Iceland"]
[Date "2022.04.08"]
[Round "4.19"]
[White "Gudmundsson, Gunnar Erik"]
[Black "Martin, Julian"]
[Result "0-1"]
[WhiteElo "1904"]
[BlackElo "2385"]
[PlyCount "54"]
[EventDate "2022.??.??"]

1. d4 {[%eval 3,0]} Nf6 {[%eval 23,0]} 2. c4 {[%eval 2,0]} e6 {[%eval 23,0]} 3.
Nc3 {[%eval 5,0]} Bb4 {[%eval 25,0]} 4. Qc2 {[%eval 0,0]} b6 $6 {[%eval 67,0]
Inaccuracy. O-O was best.} (4... O-O 5. a3 Bxc3+ 6. Qxc3 b6 7. Bg5 Bb7 8. e3 h6
9. Bh4) 5. Bg5 $6 {[%eval 5,0] Inaccuracy. e4 was best.} (5. e4 c5 6. d5 exd5
7. exd5 Qe7+ 8. Nge2 d6 9. Bd2 O-O) 5... c5 {[%eval 6,0]} 6. dxc5 {[%eval 4,0]}
Bxc5 $6 {[%eval 49,0] Inaccuracy. bxc5 was best.} (6... bxc5 7. Nf3 Bb7 8. a3
Be4 9. Qc1 Bxc3+ 10. Qxc3 Nc6 11. b4) 7. e4 {[%eval 3,0]} h6 {[%eval 29,0]} 8.
Bh4 {[%eval 46,0]} Nc6 {[%eval 24,0]} 9. Nf3 {[%eval 2,0]} d6 $6 {[%eval 72,0]
Inaccuracy. g5 was best.} (9... g5 10. Bg3 Nh5 11. Be5 Nxe5 12. Nxe5 Be7 13. h4
Qc7 14. Nd3 g4 15. O-O-O Bb7 16. Be2) 10. Rd1 $6 {[%eval 21,0] Inaccuracy.
O-O-O was best.} (10. O-O-O) 10... Qe7 {[%eval 25,0]} 11. a3 {[%eval 17,0]} a5
{[%eval 27,0]} 12. Be2 {[%eval 31,0]} g5 {[%eval 22,0]} 13. Bg3 {[%eval 1,0]}
Nh5 {[%eval 22,0]} 14. Na4 {[%eval 22,0]} Nxg3 {[%eval 19,0]} 15. hxg3 {
[%eval 19,0]} Bb7 {[%eval 0,0]} 16. Nxc5 {[%eval 39,0]} bxc5 {[%eval 35,0]} 17.
Qd2 {[%eval 7,0]} O-O-O {[%eval 62,0]} 18. O-O $6 {[%eval -34,0] Inaccuracy.
b4 was best.} (18. b4 axb4) 18... f6 $4 {[%eval 17,0] Blunder. g4 was best.} (
18... g4 19. Nh4) 19. Ne1 $4 {[%eval -23,0] Blunder. b4 was best.} (19. b4 axb4
20. axb4 h5 21. bxc5 dxc5 22. Qe3 Rxd1 23. Rxd1 g4 24. Nh4 Ne5 25. f4 gxf3)
19... h5 {[%eval -39,0]} 20. Nc2 $2 {[%eval -103,0] Mistake. Nf3 was best.} (
20. Nf3 h4 21. g4 a4 22. Qe3 h3 23. g3 h2+ 24. Kh1 f5 25. Qxg5 Rdg8 26. Qxe7
Nxe7) 20... h4 {[%eval -132,0]} 21. g4 {[%eval -123,0]} h3 {[%eval -177,0]} 22.
gxh3 $4 {[%eval -736,0] Blunder. g3 was best.} (22. g3 h2+ 23. Kh1 Ne5 24. f3
f5 25. exf5 exf5 26. Ne3 fxg4 27. Nd5 Qh7 28. Qxa5 gxf3) 22... Rxh3 {[%eval
-631,0]} 23. Kg2 {[%eval -812,0]} Qh7 {[%eval -815,0]} 24. Rg1 {[%eval -804,0]}
Ne5 {[%eval -996,0]} 25. f3 $4 {[%eval -32757,0] Checkmate is now unavoidable.
Ne1 was best.} (25. Ne1) 25... Rh2+ {[%eval -32759,0]} 26. Kf1 {[%eval -32759,
0]} Qh3+ {[%eval -32761,0]} 27. Ke1 {[%eval -32761,0]} Qh4+ {[%eval -32763,0]}
0-1

[Event "Kvika Reykjavik Open 2022"]
[Site "Reykjavik, Iceland"]
[Date "2022.04.08"]
[Round "4.20"]
[White "Haraldsson, Haraldur"]
[Black "Thorfinnsson, Bjorn"]
[Result "0-1"]
[WhiteElo "1903"]
[BlackElo "2381"]
[PlyCount "96"]
[EventDate "2022.??.??"]

1. Nf3 {[%eval 29,0]} d5 {[%eval 34,0]} 2. e3 {[%eval 4,0]} Nf6 {[%eval 5,0]}
3. c4 {[%eval 0,0]} e6 {[%eval 17,0]} 4. b3 {[%eval 13,0]} Nbd7 {[%eval 21,0]}
5. Bb2 {[%eval 6,0]} c6 {[%eval 3,0]} 6. Be2 {[%eval 0,0]} Qc7 $6 {[%eval 66,0]
Inaccuracy. b6 was best.} (6... b6 7. O-O Bb7 8. d4 Bd6 9. Ne5 O-O 10. Nd2 Qe7
11. Bf3) 7. cxd5 $6 {[%eval 2,0] Inaccuracy. Nc3 was best.} (7. Nc3 Bd6 8. Rc1
dxc4 9. Bxc4 O-O 10. Qc2 e5 11. Ng5 h6 12. Nge4 Rd8 13. O-O Nxe4) 7... exd5 {
[%eval 18,0]} 8. Nc3 {[%eval 8,0]} Bd6 {[%eval 16,0]} 9. Qc2 {[%eval 17,0]} Nc5
{[%eval 19,0]} 10. h3 {[%eval 0,0]} Ne6 {[%eval 1,0]} 11. O-O-O $6 {[%eval 7,0]
Inaccuracy. Nh4 was best.} (11. Nh4 Nc5) 11... Bd7 {[%eval 26,0]} 12. g4 {
[%eval 17,0]} O-O-O {[%eval 31,0]} 13. Kb1 {[%eval 18,0]} Rhe8 {[%eval 31,0]}
14. d4 {[%eval 18,0]} h5 $6 {[%eval 84,0] Inaccuracy. Kb8 was best.} (14... Kb8
) 15. Ne5 {[%eval 100,0]} Re7 {[%eval 89,0]} 16. f4 {[%eval 92,0]} Rh8 $4 {
[%eval 324,0] Blunder. hxg4 was best.} (16... hxg4 17. hxg4) 17. g5 {[%eval
319,0]} Ne8 {[%eval 315,0]} 18. g6 $6 {[%eval 209,0] Inaccuracy. Rhf1 was best.
} (18. Rhf1) 18... Bxe5 $2 {[%eval 401,0] Mistake. f6 was best.} (18... f6 19.
Nxd7) 19. dxe5 {[%eval 345,0]} fxg6 {[%eval 399,0]} 20. Qxg6 {[%eval 401,0]} d4
{[%eval 384,0]} 21. Ne4 {[%eval 308,0]} dxe3 $6 {[%eval 542,0] Inaccuracy. Rf8
was best.} (21... Rf8 22. Rhf1) 22. Nd6+ {[%eval 552,0]} Kb8 {[%eval 508,0]}
23. Qg3 $2 {[%eval 207,0] Mistake. f5 was best.} (23. f5 Nf4) 23... g6 {
[%eval 254,0]} 24. Qxe3 {[%eval 258,0]} Rf8 {[%eval 243,0]} 25. Rhf1 {[%eval
255,0]} N6g7 $4 {[%eval 607,0] Blunder. Qb6 was best.} (25... Qb6 26. Qd2) 26.
Qc3 $4 {[%eval 275,0] Blunder. Ba3 was best.} (26. Ba3) 26... b6 $2 {[%eval
439,0] Mistake. c5 was best.} (26... c5) 27. Ka1 {[%eval 381,0]} Nf5 {[%eval
393,0]} 28. Ne4 {[%eval 379,0]} Neg7 $6 {[%eval 542,0] Inaccuracy. c5 was best.
} (28... c5 29. Ba3) 29. b4 $4 {[%eval 252,0] Blunder. Ba3 was best.} (29. Ba3)
29... Ne6 {[%eval 224,0]} 30. Nf6 {[%eval 171,0]} Bc8 {[%eval 109,0]} 31. Bc4
$6 {[%eval 116,0] Inaccuracy. Bf3 was best.} (31. Bf3 Bb7) 31... Rd8 {[%eval
101,0]} 32. a3 $6 {[%eval 28,0] Inaccuracy. Qc1 was best.} (32. Qc1 Ned4) 32...
Rxd1+ {[%eval 2,0]} 33. Rxd1 {[%eval 0,0]} Nxf4 {[%eval 0,0]} 34. Qf3 {[%eval
3,0]} g5 $6 {[%eval 73,0] Inaccuracy. Ne6 was best.} (34... Ne6 35. a4 c5 36.
Qd3 Qc6 37. b5 Qb7 38. Bd5 Qc7 39. Bf3 c4 40. Qc3 Bb7 41. Bxb7) 35. Nxh5 $4 {
[%eval 88,0] Blunder. Qe4 was best.} (35. Qe4 Ng6) 35... Nxh5 {[%eval 69,0]}
36. Qxh5 {[%eval 65,0]} Ne3 {[%eval 64,0]} 37. Rc1 {[%eval 66,0]} Nxc4 {
[%eval 63,0]} 38. Rxc4 {[%eval 65,0]} Rxe5 {[%eval 65,0]} 39. Qh8 $6 {[%eval
-58,0] Inaccuracy. Rc1 was best.} (39. Rc1) 39... Re6 {[%eval -55,0]} 40. Rc1 {
[%eval -59,0]} Qf7 {[%eval -92,0]} 41. Rg1 $2 {[%eval -151,0] Mistake. h4 was
best.} (41. h4 g4) 41... Re8 $6 {[%eval -57,0] Inaccuracy. Kb7 was best.} (
41... Kb7 42. Qd4 Qe7 43. Bc3 a5 44. Qf2 axb4 45. axb4 Re4 46. Qd2 Qe6 47. Re1
Rxe1+ 48. Qxe1) 42. Be5+ $4 {[%eval -478,0] Blunder. Qc3 was best.} (42. Qc3)
42... Ka8 {[%eval -474,0]} 43. Qf6 {[%eval -586,0]} Qd5 {[%eval -436,0]} 44.
Bb2 {[%eval -469,0]} Bxh3 $2 {[%eval -278,0] Mistake. Be6 was best.} (44... Be6
45. Kb1 Bxh3 46. Qd4 Bf5+ 47. Ka1 Qf3 48. Qf6 g4 49. Rc1 g3 50. Qxc6+ Qxc6 51.
Rxc6) 45. Bc1 $4 {[%eval -709,0] Blunder. Qd4 was best.} (45. Qd4) 45... Re2 {
[%eval -701,0]} 46. Bb2 {[%eval -899,0]} Be6 {[%eval -702,0]} 47. Kb1 $2 {
[%eval -32747,0] Checkmate is now unavoidable. Qh8+ was best.} (47. Qh8+ Bg8)
47... Qa2+ $6 {[%eval -988,0] Lost forced checkmate sequence. Qe4+ was best.} (
47... Qe4+ 48. Ka1 Re1+ 49. Bc1 Rxg1 50. Qd8+ Kb7 51. Qe7+ Ka6 52. b5+ cxb5 53.
Qc5 bxc5 54. a4) 48. Kc1 {[%eval -1518,0]} Bf5 {[%eval -854,0]} 0-1

[Event "Kvika Reykjavik Open 2022"]
[Site "Reykjavik, Iceland"]
[Date "2022.04.08"]
[Round "4.21"]
[White "Mitra, Akash"]
[Black "Fantinel, Thibault"]
[Result "0-1"]
[WhiteElo "1866"]
[BlackElo "2378"]
[PlyCount "64"]
[EventDate "2022.??.??"]

1. e4 {[%eval 33,0]} c5 {[%eval 32,0]} 2. Nf3 {[%eval 0,0]} Nc6 {[%eval 0,0]}
3. Bb5 {[%eval 51,0]} g6 {[%eval 59,0]} 4. O-O {[%eval 2,0]} Bg7 {[%eval 43,0]}
5. Re1 {[%eval 47,0]} Nf6 {[%eval 32,0]} 6. c3 {[%eval 37,0]} O-O {[%eval 21,0]
} 7. d4 {[%eval 31,0]} d5 {[%eval 43,0]} 8. e5 {[%eval 54,0]} Ne4 {[%eval 48,0]
} 9. Nbd2 {[%eval 4,0]} Nxd2 {[%eval 28,0]} 10. Bxd2 {[%eval 54,0]} Qb6 {
[%eval 81,0]} 11. Bxc6 {[%eval 100,0]} bxc6 {[%eval 85,0]} 12. Qb3 $6 {[%eval
15,0] Inaccuracy. dxc5 was best.} (12. dxc5 Qxb2) 12... Bg4 {[%eval 3,0]} 13.
Qxb6 $6 {[%eval 9,0] Inaccuracy. dxc5 was best.} (13. dxc5) 13... axb6 {
[%eval 83,0]} 14. dxc5 {[%eval 99,0]} bxc5 {[%eval -98,0]} 15. Be3 {[%eval -88,
0]} Bxf3 {[%eval -58,0]} 16. gxf3 {[%eval -53,0]} c4 {[%eval -19,0]} 17. Bc5 {
[%eval -172,0]} Rfb8 {[%eval -147,0]} 18. Re2 {[%eval -163,0]} e6 {[%eval -185,
0]} 19. a3 {[%eval -168,0]} Rb5 {[%eval -145,0]} 20. Bd6 {[%eval -194,0]} Ra7 {
[%eval -198,0]} 21. Rc1 $6 {[%eval -286,0] Inaccuracy. Kg2 was best.} (21. Kg2
Bf8 22. Bxf8 Kxf8 23. Rd1 Rb8 24. Kg3 c5 25. h4 Ke8 26. Kg4 Rab7 27. Rdd2 h6)
21... Bh6 {[%eval -252,0]} 22. Rcc2 $6 {[%eval -341,0] Inaccuracy. Rd1 was
best.} (22. Rd1 Bf4) 22... Bf4 {[%eval -349,0]} 23. h4 {[%eval -355,0]} f6 {
[%eval -369,0]} 24. Kg2 {[%eval -337,0]} Kf7 {[%eval -354,0]} 25. Kh3 {[%eval
-301,0]} h5 {[%eval -394,0]} 26. Re1 {[%eval -336,0]} Rab7 {[%eval -348,0]} 27.
Bb4 {[%eval -333,0]} Bxe5 {[%eval -392,0]} 28. a4 {[%eval -327,0]} R5b6 {
[%eval -308,0]} 29. Ra1 {[%eval -575,0]} Ra6 {[%eval -596,0]} 30. Ra3 {[%eval
-529,0]} Bc7 {[%eval -597,0]} 31. Rc1 {[%eval -676,0]} Bb6 {[%eval -654,0]} 32.
Bd6 {[%eval -799,0]} Bxf2 {[%eval -608,0]} 0-1

[Event "Kvika Reykjavik Open 2022"]
[Site "Reykjavik, Iceland"]
[Date "2022.04.08"]
[Round "4.22"]
[White "Hedman, Erik"]
[Black "Sigamoney, Cyril S"]
[Result "0-1"]
[WhiteElo "2362"]
[BlackElo "1960"]
[PlyCount "72"]
[EventDate "2022.??.??"]

1. Nf3 {[%eval 29,0]} d5 {[%eval 34,0]} 2. c4 {[%eval 0,0]} c6 {[%eval 37,0]}
3. e3 {[%eval 27,0]} Nf6 {[%eval 13,0]} 4. Nc3 {[%eval 24,0]} e6 {[%eval 29,0]}
5. b3 {[%eval 5,0]} Bd6 {[%eval 31,0]} 6. Bb2 {[%eval 9,0]} O-O {[%eval 19,0]}
7. Be2 {[%eval 9,0]} a6 {[%eval 37,0]} 8. Qc2 $6 {[%eval 58,0] Inaccuracy. d4
was best.} (8. d4 Nbd7 9. Qc2 b6 10. O-O Bb7 11. Rad1 Qe7 12. e4 dxe4) 8... Qe7
$2 {[%eval 55,0] Mistake. e5 was best.} (8... e5 9. d4 e4 10. Nd2 b5 11. h3 Be6
12. g4 Qe7 13. g5 Ne8 14. h4 f6 15. f4) 9. h3 $2 {[%eval 7,0] Mistake. d4 was
best.} (9. d4 Nbd7 10. Rd1 dxc4 11. bxc4 e5 12. O-O Re8 13. Nd2 Nf8 14. Bd3
exd4 15. exd4 Ng6) 9... Ba3 $4 {[%eval 109,0] Blunder. e5 was best.} (9... e5)
10. Bxa3 {[%eval 112,0]} Qxa3 {[%eval 108,0]} 11. O-O {[%eval 101,0]} Nbd7 {
[%eval 109,0]} 12. d4 {[%eval 114,0]} Qe7 {[%eval 128,0]} 13. e4 {[%eval 79,0]}
dxe4 {[%eval 75,0]} 14. Nxe4 {[%eval 71,0]} Nxe4 $6 {[%eval 125,0] Inaccuracy.
e5 was best.} (14... e5 15. Ng3) 15. Qxe4 {[%eval 137,0]} c5 {[%eval 104,0]}
16. Rfd1 {[%eval 135,0]} f5 {[%eval 184,0]} 17. Qe3 {[%eval 172,0]} cxd4 {
[%eval 147,0]} 18. Rxd4 {[%eval 95,0]} e5 {[%eval 8,0]} 19. Rad1 $6 {[%eval 22,
0] Inaccuracy. c5 was best.} (19. c5 e4) 19... Re8 $2 {[%eval 161,0] Mistake.
f4 was best.} (19... f4 20. Qe4 Re8 21. Qd5+ Kf8 22. R4d2 e4 23. Ne1 Nf6 24.
Qd6 Qxd6 25. Rxd6 Be6 26. Nc2) 20. Rd6 {[%eval 159,0]} f4 {[%eval 155,0]} 21.
Qd2 {[%eval 161,0]} Nf6 {[%eval 195,0]} 22. c5 {[%eval 198,0]} Bf5 {[%eval 182,
0]} 23. Bc4+ {[%eval 204,0]} Kh8 {[%eval 237,0]} 24. Re1 $2 {[%eval 86,0]
Mistake. Qc1 was best.} (24. Qc1) 24... Ne4 {[%eval 96,0]} 25. Qd5 {[%eval 84,
0]} Nxd6 $6 {[%eval 155,0] Inaccuracy. b5 was best.} (25... b5 26. Rxe4) 26.
cxd6 {[%eval 144,0]} Qf6 $4 {[%eval 334,0] Blunder. Qe6 was best.} (26... Qe6
27. Nxe5 Qxd5 28. Bxd5 g6 29. Bxb7 Rab8 30. Bc6 Re6 31. Bd5 Ree8 32. Bf7 Rf8
33. d7) 27. Rxe5 $2 {[%eval 172,0] Mistake. Nxe5 was best.} (27. Nxe5 h6 28.
Kh2 f3 29. g3 b5 30. Bd3 Bxd3 31. Nxd3 Rad8 32. Rxe8+ Rxe8 33. d7 Rd8) 27...
Rf8 {[%eval 226,0]} 28. Re7 $4 {[%eval 27,0] Blunder. Bd3 was best.} (28. Bd3)
28... h6 $4 {[%eval 275,0] Blunder. b5 was best.} (28... b5 29. Ne5 bxc4 30.
Nf7+ Kg8 31. Nd8+ Kh8 32. Qxa8 cxb3 33. axb3 Bg6 34. f3 Qxd6 35. Nf7+) 29. Ne5
{[%eval 255,0]} Kh7 {[%eval 252,0]} 30. Qxb7 $4 {[%eval 0,0] Blunder. Bd3 was
best.} (30. Bd3 Bxd3) 30... Rad8 $4 {[%eval 533,0] Blunder. Rae8 was best.} (
30... Rae8 31. Nf7 Bg6 32. Ne5) 31. Nf7 {[%eval 535,0]} Rb8 {[%eval 553,0]} 32.
Qd5 {[%eval 584,0]} Bg6 {[%eval 647,0]} 33. Ne5 {[%eval 639,0]} Bf5 {[%eval
662,0]} 34. Nc6 {[%eval 633,0]} Rbc8 {[%eval 753,0]} 35. a4 $6 {[%eval 553,0]
Inaccuracy. Nd4 was best.} (35. Nd4) 35... Qg6 {[%eval 662,0]} 36. Ne5 {
[%eval 569,0]} Qf6 {[%eval 602,0]} 0-1